000
003020000a22001450004500
003
MACL
040
_a
MACL
090
_c
8372
_d
8371
100
_a
Biju, M.R.
245
_a
Women's Empowerment
260
_b
Mittal Publication
_c
2006
350
_a
550
650
_a
Political Science
942
_c
BOOK
_k
320
999
_c
8319
_d
8319